Game of Thrones - Citations - Statistiques

Statistiques générales
  • Ce quiz a été pris 1 448 fois
  • Le résultat moyen est 4 sur 20
Statistiques - réponses
Citation Personnage % Correct
"Quand on joue au jeu des trônes, soit on gagne soit on meurt." Cersei Lannister
86%
"Celui qui n'a pas de sang sur son épée quand il crève, je viole son putain de cadavre !" Sandor Clegane
45%
"Je ne combats pas dans des tournois. Parce que quand je combats un homme pour de vrai, je veux qu'il ignore ce que je sais faire." Eddard Stark
41%
"C'est difficile de mettre une laisse à un chien, une fois qu'on lui a posé une couronne sur la tête." Tyrion Lannister
37%
"Un jour, mon épée vous percera l'oeil et ressortira par derrière votre crâne." Arya Stark
30%
"La guerre est cruelle, mais tuer un homme lors d'un mariage... Horrible. Quelle sorte de monstre peut faire une chose pareille ? comme si les hommes avaient besoin de raisons supplémentaires pour craindre le mariage." " Olenna Tyrell
24%
"Tu ne croyais tout de même pas que je les laisserais partir ? C'est tombé en désuétude. Ecorchés - c'est triste ! mais vrai. Les traditions sont importantes. Que sommes-nous sans notre histoire, hein ?" Ramsay Bolton
23%
"Né au milieu du sel et de la fumée ?... Serait-il un jambon ?" Renly Baratheon
14%
"Vous croyez que vous êtes faits d'or massif, et que vos lions, vos lions dorés vous rendent supérieurs au reste des hommes. Veux-tu que je te dise un secret ? Tu n'es pas un lion en or. Tu n'es qu'un petit bonhomme rose qui dégaine beaucoup trop lentement." Oberyn Martell
12%
"Mon plus grand moment de fierté : un genou dans la poussière, l'épée du roi sur mon épaule, au son des mots : "Au nom du Guerrier, je te demande d'être brave". Et moi, je ne pensais qu'à ma furieuse envie de pisser !" Jorah Mormont
11%
"Si tu passes ta vie à essayer de te faire aimer des gens, tu finiras en étant le macchabée le plus apprécié de la région." Bronn
10%
"Les dieux ont offert aux hommes deux moyens de se distraire avant de mourir. Le plaisir de baiser une femme qui a envie qu'on la baise, et le plaisir de tuer un homme qui a envie de vous tuer." Daario Naharis
5%
"La vérité est toujours soit terrible, soit à mourir d'ennui." Sansa Stark
5%
"Je refuse de n'être qu'une page du livre de l'histoire d'un autre." Stannis Baratheon
5%
"Majesté, le monde tourne tellement à l'envers que j'ai vu des choses émerger de mes cauchemars alors que j'avais les yeux ouverts." Davos Mervault
3%
"Si on connaît ses points forts, qu'on les utilise à bon escient, alors un seul homme peut en valoir dix mille." Petyr Baelish
3%
"Pour régner, ne faut-il pas soit fortune, soit terreur, soit amour ?" Viserys Targaryen
3%
"Nous pourrions passer la nuit à égrener des récits d'amours perdues. Rien ne fait du passé plus agréable séjour que le sentiment d'imminence de la mort." Mestre Aemon
2%
"Si les dieux voulaient qu'on ait de la dignité, ils ne nous feraient pas péter quand on meurt." Eddison Tollett
1%
"Un homme est ce que les autres disent de lui, rien de plus." Xaro Xhoan Daxos
1%
Aucun quiz correspondant
Distribution des résultats
% des personnes avec chaque résultat
Percentile par nombre de réponses
Votre historique - résultats
Vous n’avez pas pris ce quiz